| 000 | 00623cam a22002171a 4500 | ||
|---|---|---|---|
| 001 | f 01000371 | ||
| 003 | DLC | ||
| 005 | 20260227111237.0 | ||
| 008 | 810918s1869 fr 000 0 fre | ||
| 010 | _af 01000371 | ||
| 035 | _a(OCoLC)7771617 | ||
| 040 |
_aDLC _cNcWsW _dNcWsW _dDLC |
||
| 050 | 0 | 0 |
_aPQ2315 _b.T5 1869 |
| 100 | 1 |
_aKarr, Alphonse, _d1808-1890. |
|
| 245 | 1 | 0 |
_a300 pages : _bmélanges philosophiques / _cpar Alphonse Karr. |
| 246 | 3 | _aTrois cents pages | |
| 250 | _aNouv. éd. | ||
| 260 |
_aParis : _bM. Lévy frères, _c1869. |
||
| 300 |
_a300 p. ; _c19 cm. |
||
| 500 | _aHalf-title : Œuvres complètes. | ||
| 999 |
_c22420 _d22420 |
||